Score 0/15 Timer 07:00
0 Plays Today
Pablo Mayo % Correct
Quen morreu?O conto
100%
Rubén Luengo, onde deixaches a...Miguel del Corral
100%
Vó-los dous,,,e mailo Poeta
100%
Mostra de excitación ao ver ás de primeiroHai bo gando
90%
Quen lle van dar á de Catoira por diante e por detrás?Pepelu e O Roi
90%
Fillo de deusJasús
80%
Sabela Alvarado...a que pina de lado
80%
Eh, que eu parézome moito a...o mozo de Lorena Riveiro
80%
Pablo Mayo % Correct
Nome cariñoso que dá, vástago, descendenteFilho (en galego correcto)
70%
Chamada de atención pra falar cos profesUnha cousiña
70%
Reacción ao falar de Marc ComaOjalá che pasase a ti
60%
Algún día vanvos...dar unhas hostias
60%
Frase coa que acompaña o seu DedazoNon hai confianza
50%
Jorge Pan...o do carallo na man
50%
Rita Calvo...a que pina algo
50%
Remove Ads.
Support Sporcle.
Get the best of Sporcle when you Go Orange. This ad-free experience offers more features, more stats, and more fun while also helping to support Sporcle. Thank you for becoming a member.

You're not logged in!

Compare scores with friends on all Sporcle quizzes.
OR
Log In

You Might Also Like...

Show Comments

Extras

Created Oct 22, 2010ReportNominate
Tags:Mayo, Pablo, Que

Top Quizzes Today


Score Distribution

Your Account Isn't Verified!

In order to create a playlist on Sporcle, you need to verify the email address you used during registration. Go to your Sporcle Settings to finish the process.

Report this User

Report this user for behavior that violates our Community Guidelines.

Details: